Представление документа в формате MARC21

Поле Инд. ПП Название Значение
Тип записи a
Библиографический уровень m
001 Контрольный номер RU/IS/BASE/264681742
005 Дата корректировки 20220801134552.6
040 b Код языка каталог. rus
041 0_ a Код языка текста rus
080 a Индекс УДК 004.42
084 a Индекс другой классификации/Индекс ББК 32.973.29-018.2
090 a Полочн. индекс 681.3
c Каталожный индекс 681.3.06
x Авторский знак Д15
097 b Оператор 11
100 1_ a Автор Дал У. И.
245 10 a Заглавие Структурное программирование
c Ответственность пер. с англ. С. Д. Зеленецкого [идр.] ; под ред. Э. З. Любимского, В. В. Мартынюка
260 a Место издания М.
b Издательство Мир
c Дата издания 1975
300 a Объем 247 с.
b Иллюстрации/ тип воспроизводства ил.
440 _0 a Серия Математическое обеспечение ЭВМ
510 a Примечание о ссылках Книги и методические пособия
650 a Основная рубрика 50.05 Теоретические основы программирования
x Основная подрубрика 50.05.17 Теоретические основы системного программного обеспечения
653 a Ключевые слова программирование; цифровые вычислительные машины
700 1_ a Другие авторы Дейкстра Э. В.
700 1_ a Другие авторы Хоор К.
901 t Тип документа m